000 00767nam a2200241Ia 4500
003 OSt
005 20220923213027.0
006 a|||||r|||| 00| 0
007 ta
008 220922b |||||||| |||| 00| 0 hin d
024 _a158,421
037 _cTextual
040 _aARTS
_cARTS
_bhin
041 _2hin
_ahin
082 _aO152,1xM8, H2
100 _aलक्ष्मीधर; प्रेमनिधि
245 0 _aब्रज-विभूति
246 _aBraja-vibhūti
260 _aलाहौर
_b बुकसेलर्स
_c1942
650 _aहिन्दी साहित्य
_9156264
942 _hO152,1xM8, H2
_cTEXL
_2CC
999 _c313220
_d313220